| 000 | 00921 a2200205 4500 | ||
|---|---|---|---|
| 020 | _a0471433381 (hardcover) | ||
| 020 | _a9780471433385 (hardcover) | ||
| 082 | _a515.35 | ||
| 090 |
_c1727 _d1727 |
||
| 100 | 1 | _aBoyce, William E. | |
| 245 | 1 | 0 |
_aElementary differential equations and boundary value problems , 8th edition / _cWilliam E. Boyce, Richard C. DiPrima. |
| 250 | _a8th ed. | ||
| 260 |
_a[S.l.] : _bWiley, _c2004. |
||
| 300 |
_a800 p. ; _c26 cm. |
||
| 700 | 1 | _aDiPrima, Richard C. | |
| 942 |
_aSNS _cBK _k515.35 BOY |
||
| 999 |
_c30334 _d30334 |
||